| 000 | 00464nam a2200193Ia 4500 | ||
|---|---|---|---|
| 005 | 20240823021142.0 | ||
| 008 | 240823s9999||||xx |||||||||||||| ||und|| | ||
| 020 | _a81-7829-540-7 | ||
| 041 | _aENGLISH | ||
| 082 | _A001.42 P5 | ||
| 100 | _a"Walliman,Nicholas" | ||
| 245 | 0 | _aYour Research Project | |
| 250 | _a2nd | ||
| 260 |
_c2005 _b"Vistaar,New " _aNew Delhi |
||
| 500 | _aYES | ||
| 650 |
_aProject _bManagement Studies |
||
| 942 | _cBK | ||
| 999 |
_c176408 _d176408 |
||